Reason and Existenz : five lectures /

Na minha lista:
Detalhes bibliográficos
Autor principal: Jaspers, Karl (autor)
Outros Autores: Earle, William A. (introducción y traducción) (introducción y traducción)
Formato: Livro
Idioma:inglês
Publicado em: Nueva York, EUA : Noonday, 1955, c1955
Assuntos:
Tags: Adicionar Tag
Sem tags, seja o primeiro a adicionar uma tag!

MARC

LEADER 00000nam^a2200000^a^4500
001 000387506
005 20250521000000.0
009 20260310121028.259
037 |a Acervo Xavier Clavigero 
041 |a ING 
082 |a 142. 78  |b JAS OBR RAZ 
100 |a Jaspers, Karl  |e (autor) 
240 1 1 |a [Razón y existencia] 
245 1 0 |a Reason and Existenz :  |b five lectures /  |c K. Jaspers ; introd. y tr. por W.A. Earle. 
264 4 |a Nueva York, EUA :  |b Noonday,  |c 1955, c1955 
300 |a 157 p. 
336 |a texto  |b txt  |2 rdacontenido 
337 |a sin mediación  |b n  |2 rdamedio 
338 |a volumen  |b nc  |2 rdasoporte 
500 |a Traducción de: Vernunft und Existenz 
545 0 |a Karl Jaspers (1883-1969), fue un filósofo y psiquiatra alemán de formación en leyes y medicina de donde se doctoró en Psicología, pero al descubrir a Weber, Spinoza, Nietzsche y a Kierkegaard su orientación se inclinó a la filosofía. Aunque rechazó el calificativo de existencialista podemos encontrar en su obra una preocupación por la trascendencia de la existencia como un fenómeno negado al ser humano. El pensamiento de Jaspers tuvo tres vertientes; la indagación por el mundo objetivo, la existencia como medio para entender al ser y la metafísica, es decir la filosofía como un instrumento de identificación del ser, donde lo importante se encuentra en el pensamiento mismo y no en el fin de la reflexión filosófica. El trabajo de Jaspers tuvo un gran impacto en la teología, la psiquiatría y la filosofía moderna desde diversos títulos como: Descartes y la filosofía, La fe filosófica, Nietzsche y el cristianismo, Esencia y crítica de la psicoterapia, Autobiografía filosófica, La bomba atómica y el futuro del hombre, ¿Dónde va Alemania?, Filosofía de la existencia, Genio y locura, Grandes filósofos: hombres fundamentales: Sócrates, Buda, Confucio, Jesús, Iniciación al método filosófico, Introducción a la filosofía, Lo trágico, el lenguaje y Psicología de las concepciones del mundo. 
561 |a Ex libris de Instituto de Literatura Puente Grande, Jal. 
561 |a Ex libris de Bibl. Iunioratus Dom. Prob. S. Ioseph 
561 |a Ex libris de Bibliotheca Collegii Maximi Prov. Mexicanae, S.J. 
649 |a XX 
650 |a Filósofos Daneses 
650 |a Filósofos Alemanes 
650 |a Verdad -  |x Filosofía 
650 |a Razón 
650 |a Existencia 
650 |a Existencialismo -  |x Historia y Crítica 
650 |a Existencialismo -  |x Tema Principal 
650 |a Filosofía Moderna -  |x Historia y Crítica 
650 |a Filosofía del Siglo XX -  |x Historia y Crítica 
650 |a Filosofía Alemana -  |x Historia y Crítica 
650 |a Filosofía -  |x Historia y Crítica 
650 |a Filosofía -  |x Teoría 
650 |a Kierkegaard, Sören 
650 |a Nietzsche, Friedrich 
700 |a Earle, William A.  |e (introducción y traducción) 
910 |a Fondo General 
920 |a Impresos - Libros 
930 |a Colección General 
905 |a 101 
901 |a 017573  |b IT1  |c ACC  |u 20250521 
902 |a https://opac.biblio.iteso.mx/vufind/Record/000387506